000 00245nam a2200121Ia 4500
100 _a#N/A
942 _cBK
654 _aubuntu ultimate 3.5
245 _aubuntu ultimate 3.5 Digit feb 2013
260 _b#N/A
546 _aENGLISH
999 _c20842
_d20842